Pilotes de Formule 1 (Saison 2020) - Statistiques

Statistiques générales
  • Ce quiz a été pris 1 013 fois
  • Le résultat moyen est 19 sur 20
Statistiques - réponses
Ecurie Nationalité Pilote % Correct
Mercedes Britannique Lewis Hamilton
100%
Ferrari Monégasque Charles Leclerc
99%
Red Bull Racing Néerlandaise Max Verstappen
98%
Alpha Tauri Française Pierre Gasly
98%
Mercedes Finlandaise Valteri Bottas
98%
Renault Française Esteban Ocon
97%
Ferrari Allemande Sebastian Vettel
97%
McClaren Espagnole Carlos Sainz Jr.
96%
Renault Australienne Daniel Ricciardo
96%
McClaren Britannique Lando Norris
96%
Racing Point Mexicaine Sergio Perez
95%
Red Bull Racing Thaïlandaise Alexander Albon
94%
Racing Point Canadienne Lance Stroll
93%
Haas Française Romain Grosjean
92%
Williams Britannique George Russell
90%
Haas Danoise Kevin Magnussen
88%
Alfa Romeo Finlandaise Kimi Räikkönen
88%
Williams Canadienne Nicholas Latifi
85%
Alfa Romeo Italienne Antonio Giovinazzi
81%
Alpha Tauri Russe Daniil Kvyat
73%
Aucun quiz correspondant
Distribution des résultats
% des personnes avec chaque résultat
Percentile par nombre de réponses
Votre historique - résultats
Vous n’avez pas pris ce quiz